Online
Catalog

Uno de los aspectos centrales de la obra del gobierno : (Record no. 28668)

MARC details
000 -CABECERA
campo de control de longitud fija 00445nam a2200145 a 4500
001 - NÚMERO DE CONTROL
campo de control 000029176
005 - FECHA Y HORA DE LA ÚLTIMA TRANSACCIÓN
campo de control 20200930055358.0
008 - DATOS DE LONGITUD FIJA--INFORMACIÓN GENERAL
campo de control de longitud fija 110414s1976 dr ac 000 0 spa d
040 ## - FUENTE DE LA CATALOGACIÓN
Centro catalogador/agencia de origen DO-SdBNP
Lengua de catalogación spa
Centro/agencia transcriptor BNPHU
082 ## - NÚMERO DE LA CLASIFICACIÓN DECIMAL DEWEY
Número de clasificación xxx
Número de documento/Ítem U58a
049 ## - FONDOS LOCALES (OCLC)
Fondos de biblioteca BNPD
245 01 - MENCIÓN DE TÍTULO
Título Uno de los aspectos centrales de la obra del gobierno :
Resto del título reforma agraría.
260 ## - PUBLICACIÓN, DISTRIBUCIÓN, ETC.
Lugar de publicación, distribución, etc. Santo Domingo :
Nombre del editor, distribuidor, etc. Editorial Padilla,
Fecha de publicación, distribución, etc. [1976?].
300 ## - DESCRIPCIÓN FÍSICA
Extensión [16] p. :
Otras características físicas il., retrs. ;
Dimensiones 19 cm.
Holdings
Estado de retiro Estado de pérdida Restricciones de uso No para préstamo Código de colección Localización permanente Ubicación/localización actual Ubicación en estantería Fecha de adquisición Número de inventario Total de préstamos Signatura topográfica completa Código de barras Fecha visto por última vez Número de copia Precio válido a partir de Tipo de ítem Koha
        Dominicana de Servicio General General En catalogación 14.04.2011 LF1   xxx U58a 29176-30 25.06.2020 e. 3 25.06.2020 Libro y Folleto Colección Dominicana de Servicio
        Dominicana de Servicio General General En catalogación 11.05.2011 LF1   xxx U58a 29176-40 25.06.2020 e. 4 25.06.2020 Libro y Folleto Colección Dominicana de Servicio
        Patrimonio Dominicano Patrimonio Dominicano Patrimonio Dominicano En catalogación 14.04.2011 LF1   xxx U58a 29176-10 25.06.2020   25.06.2020 Libro y Folleto Colección Patrimonio Dominicano
      Préstamo restrigido Patrimonio Dominicano Patrimonio Dominicano Patrimonio Dominicano En catalogación 14.04.2011 LF1   xxx U58a 29176-20 25.06.2020 e. 2 25.06.2020 Libro y Folleto Colección Patrimonio Dominicano

Powered by Koha